Олимпийское право. Правовые основы олимпийского движения: учебник для вузов

Bibliographische Detailangaben
1. Verfasser: Алексеев С. В. Сергей Викторович
Körperschaft: Московская государственная юридическая академия (МГЮА)
Zusammenfassung:Первый в юриспруденции фундаментальный учебник по правовым основам олимпийского движения посвящен комплексному и системному рассмотрению нормативных документов, регламентирующих отношения в мировом олимпийском движении. На основе международных и национальных правовых актов, современной практики, а также зарубежной и отечественной литературы излагаются и анализируются все основные проблемы в данной области. Обобщен опыт правового регулирования олимпийского спорта в зарубежных странах. Подробно освещаются вопросы формирования и преподавания олимпийского права — новейшей сферы правоведения. Для студентов, аспирантов и преподавателей юридических и физкультурных вузов и факультетов, учреждений олимпийского образования, научных сотрудников, юристов-практиков, работников физкультурно-спортивных организаций и органов управления физической культурой и спортом, спортсменов и тренеров, спортивных судей, рефери и спортивных врачей, спортивных агентов и спортивных менеджеров, в том числе связанных с подготовкой и организацией XXVII Всемирной летней универсиады 2013 года в Казани и XXII зимних Олимпийских игр, XI зимних Паралимпийских игр 2014 года в Сочи.
Sprache:Russisch
Veröffentlicht: Москва, ЮНИТИ-ДАНА, 2010
Schlagworte:
Format: MixedMaterials Buch
KOHA link:https://koha.lib.tpu.ru/cgi-bin/koha/opac-detail.pl?biblionumber=149438

MARC

LEADER 00000nam0a2200000 4500
001 149438
005 20231101221425.0
010 |a 9785238016672 
035 |a (RuTPU)RU\TPU\book\162007 
090 |a 149438 
100 |a 20081216d2010 m y0rusy50 ca 
101 0 |a rus 
102 |a RU 
105 |a y j 001zy 
200 1 |a Олимпийское право. Правовые основы олимпийского движения  |e учебник для вузов  |f С. В. Алексеев  |g Московская государственная юридическая академия (МГЮА) 
210 |a Москва  |c ЮНИТИ-ДАНА  |c Закон и право  |d 2010 
215 |a 687 с. 
320 |a Библиогр.: с. 682-684. 
330 |a Первый в юриспруденции фундаментальный учебник по правовым основам олимпийского движения посвящен комплексному и системному рассмотрению нормативных документов, регламентирующих отношения в мировом олимпийском движении. На основе международных и национальных правовых актов, современной практики, а также зарубежной и отечественной литературы излагаются и анализируются все основные проблемы в данной области. Обобщен опыт правового регулирования олимпийского спорта в зарубежных странах. Подробно освещаются вопросы формирования и преподавания олимпийского права — новейшей сферы правоведения. Для студентов, аспирантов и преподавателей юридических и физкультурных вузов и факультетов, учреждений олимпийского образования, научных сотрудников, юристов-практиков, работников физкультурно-спортивных организаций и органов управления физической культурой и спортом, спортсменов и тренеров, спортивных судей, рефери и спортивных врачей, спортивных агентов и спортивных менеджеров, в том числе связанных с подготовкой и организацией XXVII Всемирной летней универсиады 2013 года в Казани и XXII зимних Олимпийских игр, XI зимних Паралимпийских игр 2014 года в Сочи. 
606 1 |a Олимпийские игры  |2 stltpush  |3 (RuTPU)RU\TPU\subj\46964  |9 66036 
606 1 |a Международное частное право  |2 stltpush  |3 (RuTPU)RU\TPU\subj\41923  |9 61691 
610 1 |a спорт 
610 1 |a физическая культура 
610 1 |a олимпийское движение 
610 1 |a олимпийское право 
610 1 |a правовые основы 
610 1 |a международное спортивное движение 
610 1 |a профессиональный спорт 
610 1 |a любительский спорт 
610 1 |a международные организации 
610 1 |a государство 
610 1 |a национальные спортивные соревнования 
610 1 |a международные спортивные соревнования 
610 1 |a олимпийская символика 
610 1 |a налогообложение 
610 1 |a спортсмены 
610 1 |a социальные отношения 
610 1 |a трудовые отношения 
610 1 |a международная безопасность 
610 1 |a преступность 
610 1 |a допинг 
610 1 |a допинговый контроль 
610 1 |a антидопинговая политика 
610 1 |a арбитражный суд 
610 1 |a спортивные споры 
610 1 |a урегулирование 
610 1 |a учебники 
675 |a 796.032.2(075.8)  |v 3 
686 |a Х93я73  |v LBC/SL-A  |2 rubbk 
700 1 |a Алексеев  |b С. В.  |g Сергей Викторович 
712 0 2 |a Московская государственная юридическая академия (МГЮА)  |c (1993- )  |2 stltpush  |3 (RuTPU)RU\TPU\col\941 
801 1 |a RU  |b 63413507  |c 20081216  |g PSBO 
801 2 |a RU  |b 63413507  |c 20131226  |g RCR 
900 |a Правовые основы физической культуры и спорта 
900 |a Право 
900 |a Правоведение 
942 |c BK 
959 |a 117/20081215  |d 1  |e 0  |f ЧЗГЛ:1 
959 |a 101/20090930  |d 1  |e 500,00  |f ЧЗГЛ:1